| 000 | 00700nam a22002057a 4500 | ||
|---|---|---|---|
| 999 |
_c19438 _d19438 |
||
| 003 | AR-CdUCM | ||
| 008 | 190516b ||||| |||| 00| 0 spa d | ||
| 040 |
_aMUNICIPALIDAD PROVINCIAL DEL CUSCO _cBIBLIOTECA MUNICIPAL DEL CUSCO |
||
| 082 |
_a581.974 / _bS48 |
||
| 100 |
_aSerradell, Narciso _939912 |
||
| 245 | _aBotánica agrícola mexicana / | ||
| 260 |
_aMéxico : _bSecretaria de Educación Publica, _c1945. |
||
| 300 |
_a88 paginas ; _c21 cm. |
||
| 505 | _aContenido :El maiz -- El arroz -- El trigo -- La avena -- El frijol... | ||
| 650 |
_aBiblioteca agrícola _939913 |
||
| 650 |
_aProductos agricolas _922141 |
||
| 650 |
_aMéxico _918 |
||
| 942 |
_2ddc _cLIBROS |
||
| 945 |
_awnts _d2019-05-17 |
||